A Time of Coalitions: (Record no. 163853)
[ view plain ]
| 000 -LEADER | |
|---|---|
| fixed length control field | 00619nam a2200205 4500 |
| 005 - DATE AND TIME OF LATEST TRANSACTION | |
| control field | 20190502114503.0 |
| 010 ## - LCCN (DPL NO) | |
| LC control number | B-127834 |
| 020 ## - INTERNATIONAL STANDARD BOOK NUMBER | |
| International Standard Book Number | 8178293722 |
| 037 ## - SOURCE OF ACQUISITION | |
| Source of stock number/acquisition | DBAD/PUB |
| 082 ## - DEWEY DECIMAL CLASSIFICATION NUMBER | |
| Classification number | 324.254 |
| 100 ## - MAIN ENTRY--PERSONAL NAME | |
| Personal name | Thakurta,Paranjoy Guha |
| 245 ## - TITLE STATEMENT | |
| Title | A Time of Coalitions: |
| Remainder of title | Divided we stand/ |
| Statement of responsibility, etc | by Paranjoy Guha Thakurta |
| 260 ## - PUBLICATION, DISTRIBUTION, ETC. (IMPRINT) | |
| Place of publication, distribution, etc | New Delhi |
| Name of publisher, distributor, etc | SAGE Publications |
| Date of publication, distribution, etc | 2004 |
| 270 ## - ADDRESS | |
| Address | B-42,Panchsheel Enclave, |
| City | New Delhi |
| Postal code | 110017 |
| 300 ## - PHYSICAL DESCRIPTION | |
| Extent | 413p. |
| Dimensions | 22cms(hbk) |
| 500 ## - GENERAL NOTE | |
| General note | It includes index |
| 700 ## - ADDED ENTRY--PERSONAL NAME | |
| Personal name | Raghuraman, Shankar |
| 942 ## - ADDED ENTRY ELEMENTS (KOHA) | |
| Source of classification or shelving scheme | Dewey Decimal Classification |
| Item type | English Books |
| Classification part | 324.254 |
| Call number suffix | THA |
| Withdrawn status | Lost status | Not for loan | Collection code | Home library | Current library | Date acquired | Source of acquisition | Full call number | Copy number | Koha item type |
|---|---|---|---|---|---|---|---|---|---|---|
| Non-fiction | Central Library | Central Library | 02/05/2019 | DBAD/PUB | 324.254 THA | 1 | English Books |
